000 00542nam a2200193 a 4500
001 1774865107777
003 YourLibrary
005 20260330153907.0
008 260330s2010##################000#0#eng##
020 _a9780195343144
082 0 4 _a362.1
_bHOF
100 1 _aHofrichter, Richard,
_eauthor.
245 1 0 _aTackling Health Inequities Through Public Health Practice :
260 _bOxford University Press, USA,
_c2010.
300 _a597 pages
650 0 _aMedical.
942 _cENGLISH
040 _aYourLibrary
_beng
_cYourLibrary
999 _c618385
_d618385